Identity politics in Jammu and Kashmir (Record no. 7454)
[ view plain ]
| 000 -LEADER | |
|---|---|
| fixed length control field | 00470nam a2200157Ia 4500 |
| 020 ## - INTERNATIONAL STANDARD BOOK NUMBER | |
| ISBN | 9788189766351 |
| 082 ## - DEWEY DECIMAL CLASSIFICATION NUMBER | |
| Classification number | 954.6 IDE- |
| 245 #0 - TITLE STATEMENT | |
| Title | Identity politics in Jammu and Kashmir |
| 260 ## - PUBLICATION, DISTRIBUTION, ETC. (IMPRINT) | |
| Place of publication | New Delhi |
| Name of publisher | Vitasta Publishing |
| Year of publication | 2010 |
| 300 ## - PHYSICAL DESCRIPTION | |
| Number of Pages | viii, 470 |
| 504 ## - BIBLIOGRAPHY, ETC. NOTE | |
| Bibliography, etc | includes bibliography and index |
| 650 ## - SUBJECT ADDED ENTRY--TOPICAL TERM | |
| Topical Term | Identity politics |
| Geographic subdivision | India |
| -- | Jammu and Kashmir |
| 650 ## - SUBJECT ADDED ENTRY--TOPICAL TERM | |
| Topical Term | Jammu and Kashmir (India) |
| Form subdivision | Politics and government |
| 700 ## - ADDED ENTRY--PERSONAL NAME | |
| Personal name | Chowdhary, Rekha |
| 942 ## - ADDED ENTRY ELEMENTS (KOHA) | |
| Koha item type | Books |
| Withdrawn status | Lost status | Damaged status | Not for loan | Home library | Current library | Date acquired | Source of acquisition | Bill Date | Full call number | Accession Number | Price effective from | Koha item type |
|---|---|---|---|---|---|---|---|---|---|---|---|---|
| NASSDOC Library | NASSDOC Library | 16/03/2011 | DP | 2011-02-22 | 954.6 IDE- | 46849 | 18/04/2019 | Books |
